000 00457nam a2200157Ia 4500
008 210716s2005 xx 000 0 und d
020 _a9812532366
041 _aeng
082 _a519.4 YANW
100 _aYang, Won Young;Cao, Wenwu;Chung, Tae Sang;Morris, John.
245 _aApplied numerical methods using matlab.
250 _a2
260 _aNew Jersey
_bJohn Wiley and Sons
_c2005
300 _axi509
650 _aApplied Numerical Analysis(519.4)
999 _c190329
_d190329